<?xml version="1.0" encoding="UTF-8"?>
<record
    xmlns:xsi="http://www.w3.org/2001/XMLSchema-instance"
    xsi:schemaLocation="http://www.loc.gov/MARC21/slim http://www.loc.gov/standards/marcxml/schema/MARC21slim.xsd"
    xmlns="http://www.loc.gov/MARC21/slim">

  <leader>02449cam a2200301 i 4500</leader>
  <controlfield tag="003">SA-RiAUC</controlfield>
  <controlfield tag="005">20241225075530.0</controlfield>
  <controlfield tag="008">241215s2001    mm     f      00000 ara c</controlfield>
  <datafield tag="024" ind1="0" ind2=" ">
    <subfield code="a">00000000691287</subfield>
  </datafield>
  <datafield tag="040" ind1=" " ind2=" ">
    <subfield code="a">SA-RiAUC</subfield>
    <subfield code="b">ara</subfield>
    <subfield code="c">SA-RiAUC</subfield>
    <subfield code="d">AE-DuMBRL</subfield>
    <subfield code="e">rda</subfield>
  </datafield>
  <datafield tag="050" ind1=" " ind2="4">
    <subfield code="b">.A28 2001</subfield>
  </datafield>
  <datafield tag="082" ind1="0" ind2="4">
    <subfield code="a">258.2</subfield>
    <subfield code="q">SA-RiAUC</subfield>
  </datafield>
  <datafield tag="090" ind1=" " ind2=" ">
    <subfield code="a">258.2</subfield>
    <subfield code="b">&#x627; &#x628; &#x648; &#x641;</subfield>
  </datafield>
  <datafield tag="100" ind1="1" ind2=" ">
    <subfield code="a">&#x623;&#x628;&#x648; &#x641;&#x627;&#x631;&#x633;&#x60C; &#x62D;&#x645;&#x632;&#x629;&#x60C;</subfield>
    <subfield code="d">1946-</subfield>
    <subfield code="e">&#x645;&#x624;&#x644;&#x641;.</subfield>
  </datafield>
  <datafield tag="245" ind1="1" ind2="0">
    <subfield code="a">&#x628;&#x62D;&#x648;&#x62B; &#x648;&#x62F;&#x631;&#x627;&#x633;&#x627;&#x62A; &#x641;&#x64A; &#x628;&#x639;&#x636; &#x645;&#x635;&#x646;&#x641;&#x627;&#x62A; &#x627;&#x644;&#x641;&#x642;&#x647; &#x627;&#x644;&#x645;&#x627;&#x644;&#x643;&#x64A; /</subfield>
    <subfield code="c">&#x62A;&#x623;&#x644;&#x64A;&#x641; &#x62D;&#x645;&#x632;&#x629; &#x623;&#x628;&#x648; &#x641;&#x627;&#x631;&#x633;.</subfield>
  </datafield>
  <datafield tag="250" ind1=" " ind2=" ">
    <subfield code="a">&#x627;&#x644;&#x637;&#x628;&#x639;&#x629; &#x627;&#x644;&#x623;&#x648;&#x644;&#x649;.</subfield>
  </datafield>
  <datafield tag="264" ind1=" " ind2="1">
    <subfield code="a">&#x641;&#x627;&#x644;&#x64A;&#x62A;&#x627;&#x60C; &#x645;&#x627;&#x644;&#x637;&#x627; :</subfield>
    <subfield code="b">&#x634;&#x631;&#x643;&#x629; &#x625;&#x644;&#x62C;&#x627;&#x60C;</subfield>
    <subfield code="c">2001.</subfield>
  </datafield>
  <datafield tag="300" ind1=" " ind2=" ">
    <subfield code="a">225 &#x635;&#x641;&#x62D;&#x629; &#x61B;</subfield>
    <subfield code="c">24 &#xD7; 16 &#x633;&#x645;</subfield>
  </datafield>
  <datafield tag="336" ind1=" " ind2=" ">
    <subfield code="a">&#x646;&#x635;</subfield>
    <subfield code="b">txt</subfield>
    <subfield code="2">rdacontent</subfield>
    <subfield code="3">&#x643;&#x62A;&#x627;&#x628;</subfield>
  </datafield>
  <datafield tag="337" ind1=" " ind2=" ">
    <subfield code="a">&#x628;&#x62F;&#x648;&#x646; &#x648;&#x633;&#x64A;&#x637;</subfield>
    <subfield code="b">n</subfield>
    <subfield code="2">rdamedia</subfield>
  </datafield>
  <datafield tag="338" ind1=" " ind2=" ">
    <subfield code="a">&#x645;&#x62C;&#x644;&#x62F;</subfield>
    <subfield code="b">nc</subfield>
    <subfield code="2">rdacarrier</subfield>
  </datafield>
  <datafield tag="500" ind1=" " ind2=" ">
    <subfield code="a">&#x627;&#x647;&#x62F;&#x627;&#x621; &#x645;&#x646; &#x627;&#x644;&#x645;&#x624;&#x644;&#x641; &#x62D;&#x645;&#x632;&#x629; &#x627;&#x628;&#x648; &#x641;&#x627;&#x631;&#x633;</subfield>
  </datafield>
  <datafield tag="520" ind1=" " ind2=" ">
    <subfield code="a">&#x64A;&#x62A;&#x646;&#x627;&#x648;&#x644; &#x643;&#x62A;&#x627;&#x628; (&#x628;&#x62D;&#x648;&#x62B; &#x648;&#x62F;&#x631;&#x627;&#x633;&#x627;&#x62A; &#x641;&#x64A; &#x628;&#x639;&#x636; &#x645;&#x635;&#x646;&#x641;&#x627;&#x62A; &#x627;&#x644;&#x641;&#x642;&#x647; &#x627;&#x644;&#x645;&#x627;&#x644;&#x643;&#x64A;) &#x648;&#x627;&#x644;&#x630;&#x64A; &#x642;&#x627;&#x645; &#x628;&#x62A;&#x623;&#x644;&#x64A;&#x641;&#x647; &#x62D;&#x645;&#x632;&#x629; &#x623;&#x628;&#x648; &#x641;&#x627;&#x631;&#x633; &#x641;&#x64A; &#x62D;&#x648;&#x627;&#x644;&#x64A; (225) &#x635;&#x641;&#x62D;&#x629; &#x645;&#x646; &#x627;&#x644;&#x642;&#x637;&#x639; &#x627;&#x644;&#x645;&#x62A;&#x648;&#x633;&#x637; &#x645;&#x648;&#x636;&#x648;&#x639; (&#x627;&#x644;&#x641;&#x642;&#x647; &#x627;&#x644;&#x645;&#x627;&#x644;&#x643;&#x64A;)&#x60C; &#x645;&#x633;&#x62A;&#x639;&#x631;&#x636;&#x627; &#x627;&#x644;&#x645;&#x648;&#x636;&#x648;&#x639;&#x627;&#x62A; &#x627;&#x644;&#x62A;&#x627;&#x644;&#x64A;&#x629; : &#x627;&#x644;&#x645;&#x642;&#x62F;&#x645;&#x629;&#x60C; 1-&#x627;&#x644;&#x625;&#x645;&#x627;&#x645; &#x627;&#x644;&#x648;&#x646;&#x634;&#x631;&#x64A;&#x633;&#x64A; &#x648;&#x643;&#x62A;&#x627;&#x628;&#x647; "&#x639;&#x62F;&#x629; &#x627;&#x644;&#x628;&#x631;&#x648;&#x642;"&#x60C; 2-&#x645;&#x646; &#x62A;&#x631;&#x627;&#x62B;&#x646;&#x627; &#x627;&#x644;&#x630;&#x64A; &#x644;&#x627; &#x64A;&#x632;&#x627;&#x644; &#x645;&#x62E;&#x637;&#x648;&#x637;&#x627; &#x643;&#x62A;&#x627;&#x628; "&#x645;&#x637;&#x627;&#x644;&#x639; &#x627;&#x644;&#x62F;&#x642;&#x627;&#x626;&#x642; &#x641;&#x64A; &#x62A;&#x62D;&#x631;&#x64A;&#x631; &#x627;&#x644;&#x62C;&#x648;&#x627;&#x645;&#x639; &#x648;&#x627;&#x644;&#x641;&#x648;&#x627;&#x631;&#x642;" &#x644;&#x644;&#x625;&#x645;&#x627;&#x645; &#x627;&#x644;&#x625;&#x633;&#x646;&#x648;&#x64A;&#x60C; 3-&#x645;&#x62F;&#x648;&#x646;&#x629; &#x627;&#x644;&#x625;&#x645;&#x627;&#x645; &#x633;&#x62D;&#x646;&#x648;&#x646; "&#x645;&#x631;&#x627;&#x62D;&#x644; &#x62A;&#x62F;&#x648;&#x64A;&#x646;&#x647;&#x627;-&#x645;&#x646;&#x632;&#x644;&#x62A;&#x647;&#x627; &#x628;&#x64A;&#x646; &#x627;&#x644;&#x623;&#x645;&#x647;&#x627;&#x62A;&#x60C; &#x634;&#x631;&#x648;&#x62D;&#x647;&#x627; &#x648;&#x627;&#x62E;&#x62A;&#x635;&#x627;&#x631;&#x627;&#x62A;&#x647;&#x627;&#x60C; 4-&#x643;&#x62A;&#x627;&#x628; "&#x627;&#x644;&#x646;&#x643;&#x62B; &#x648;&#x627;&#x644;&#x641;&#x631;&#x648;&#x642;" &#x644;&#x639;&#x628;&#x62F; &#x627;&#x644;&#x62D;&#x642; &#x627;&#x644;&#x633;&#x647;&#x64A;&#x645;&#x64A; &#x627;&#x644;&#x635;&#x642;&#x644;&#x64A; &#x62B;&#x645;&#x631;&#x629; &#x645;&#x646; &#x62B;&#x645;&#x631;&#x627;&#x62A; &#x645;&#x62F;&#x631;&#x633;&#x629; &#x627;&#x644;&#x642;&#x64A;&#x631;&#x648;&#x627;&#x646; &#x627;&#x644;&#x641;&#x642;&#x647;&#x64A;&#x629;&#x60C; 5-&#x634;&#x631;&#x62D; &#x627;&#x644;&#x642;&#x627;&#x636;&#x64A; &#x639;&#x628;&#x62F; &#x627;&#x644;&#x648;&#x647;&#x627;&#x628; &#x627;&#x644;&#x628;&#x63A;&#x62F;&#x627;&#x62F;&#x64A; &#x644;&#x631;&#x633;&#x627;&#x644;&#x629; &#x627;&#x644;&#x634;&#x64A;&#x62E; &#x627;&#x628;&#x646; &#x623;&#x628;&#x64A; &#x632;&#x64A;&#x62F; &#x627;&#x644;&#x642;&#x64A;&#x631;&#x648;&#x627;&#x646;&#x64A;&#x60C; 6-&#x628;&#x639;&#x636; &#x627;&#x644;&#x645;&#x635;&#x637;&#x644;&#x62D;&#x627;&#x62A; &#x641;&#x64A; &#x643;&#x62A;&#x628; &#x627;&#x644;&#x641;&#x642;&#x647; &#x627;&#x644;&#x645;&#x627;&#x644;&#x643;&#x64A;&#x60C; 7-&#x627;&#x628;&#x646; &#x627;&#x644;&#x62D;&#x627;&#x62C;&#x628; &#x648;&#x645;&#x62E;&#x62A;&#x635;&#x631;&#x647; &#x627;&#x644;&#x641;&#x631;&#x639;&#x64A;&#x60C; 8-&#x645;&#x644;&#x627;&#x62D;&#x638;&#x627;&#x62A; &#x639;&#x644;&#x649; &#x62A;&#x62D;&#x642;&#x64A;&#x642; "&#x631;&#x633;&#x627;&#x644;&#x629; &#x641;&#x64A; &#x627;&#x644;&#x623;&#x630;&#x627;&#x646;" &#x644;&#x644;&#x645;&#x639;&#x627;&#x631;&#x641;&#x64A;&#x60C; 9-&#x627;&#x644;&#x628;&#x62F;&#x639; &#x648;&#x645;&#x648;&#x642;&#x641; &#x627;&#x644;&#x625;&#x645;&#x627;&#x645; &#x627;&#x644;&#x634;&#x627;&#x637;&#x628;&#x64A; &#x645;&#x646;&#x647;&#x627;&#x60C; 10-&#x643;&#x634;&#x641; &#x627;&#x644;&#x646;&#x642;&#x627;&#x628; &#x627;&#x644;&#x62D;&#x627;&#x62C;&#x628; &#x639;&#x646; &#x645;&#x635;&#x637;&#x644;&#x62D; &#x627;&#x628;&#x646; &#x627;&#x644;&#x62D;&#x627;&#x62C;&#x628;.</subfield>
  </datafield>
  <datafield tag="650" ind1=" " ind2="7">
    <subfield code="a">&#x627;&#x644;&#x641;&#x642;&#x647; &#x627;&#x644;&#x645;&#x627;&#x644;&#x643;&#x64A;</subfield>
    <subfield code="2">aucsh</subfield>
  </datafield>
  <datafield tag="650" ind1=" " ind2="7">
    <subfield code="a">&#x627;&#x644;&#x641;&#x642;&#x647; &#x627;&#x644;&#x625;&#x633;&#x644;&#x627;&#x645;&#x64A;</subfield>
    <subfield code="x">&#x645;&#x630;&#x627;&#x647;&#x628;</subfield>
    <subfield code="2">aucsh</subfield>
  </datafield>
  <datafield tag="942" ind1=" " ind2=" ">
    <subfield code="2">ddc</subfield>
    <subfield code="c">BOOK</subfield>
    <subfield code="n">0</subfield>
  </datafield>
  <datafield tag="949" ind1=" " ind2=" ">
    <subfield code="a">SA-JeALM</subfield>
    <subfield code="d">241215</subfield>
    <subfield code="u">mohamedma123</subfield>
    <subfield code="n">1</subfield>
  </datafield>
  <datafield tag="952" ind1=" " ind2=" ">
    <subfield code="0">0</subfield>
    <subfield code="1">0</subfield>
    <subfield code="2">ddc</subfield>
    <subfield code="4">0</subfield>
    <subfield code="7">0</subfield>
    <subfield code="8">gift</subfield>
    <subfield code="a">WAHAB</subfield>
    <subfield code="b">WAHAB</subfield>
    <subfield code="d">2024-12-25</subfield>
    <subfield code="l">0</subfield>
    <subfield code="o">258.2 &#x627; &#x628; &#x648; &#x641;</subfield>
    <subfield code="p">000006330</subfield>
    <subfield code="r">2024-12-25 07:56:17</subfield>
    <subfield code="w">2024-12-25</subfield>
    <subfield code="y">BOOK</subfield>
  </datafield>
  <datafield tag="999" ind1=" " ind2=" ">
    <subfield code="c">3942</subfield>
    <subfield code="d">3942</subfield>
  </datafield>
</record>
